| 000 | 00542ntaaa2200193 4500 | ||
|---|---|---|---|
| 003 | 01 | ||
| 005 | 20251027201920.0 | ||
| 008 | 0714s1973 ag 01 | ||
| 040 |
_aAR-BaBN _bspa _cAR-BaBN _eaacr _dRIC |
||
| 082 | _a244.1200 H55r | ||
| 100 |
_aHill, Dave _916985 |
||
| 245 | _aEl rey más maravilloso, Lucas 19:28-24:43 y Juan 12:12-20:31, para niños. | ||
| 250 | _a1 ed. | ||
| 260 |
_aMiami : _bCaribe, _c1972 |
||
| 650 |
_aHistorias Bíblicas-Niños _914732 |
||
| 650 | _aNiños-Historias Bíblicas | ||
| 700 | _aWind, Betty | ||
| 942 | _cBK | ||
| 999 |
_c13871 _d13871 |
||